South American Night Lights Quiz Stats

Quiz not verified by Sporcle

Challenge
Share
Tweet
Score 0/15 Timer 04:00
0 Plays Today
% Correct
Rio de Janeiro
94.5%
Montevideo
90.2%
Brasília
89.5%
Asuncion
82.1%
Manaus
77.9%
Medellín
75.9%
La Paz
75.3%
Guayaquil
71.1%
% Correct
Córdoba
66.4%
Cayenne
62%
Maturin
57.1%
Ushuaia
54%
Cartagena
46.7%
Stanley
46.4%
Comodoro Rivadavia
36%

You're not logged in!

Compare scores with friends on all Sporcle quizzes.
Join for Free
OR
Log In

You Might Also Like...

Show Comments

Extras

Top Quizzes Today


Score Distribution

Your Account Isn't Verified!

In order to create a playlist on Sporcle, you need to verify the email address you used during registration. Go to your Sporcle Settings to finish the process.

Report this User

Report this user for behavior that violates our Community Guidelines.

Details: